1328 1601 1200 1251 1039 1774 1413 1995 1466 1661 1098 1574 1596 1308 1644 1115 1673 1805 1041 1755 1295 1706 1191 1396 1714 1412 1720 1946 1786 1850 1507 1402 1681 1053 1263 1803 1336 1265 1208 1184 1719 1735 1582 1753 1935 1797 1566 1622 1406 1969 1482 1226 1279 1346 1153 1411 1126 1310 1827 1075 1665 1202 1071 1478 1499 1146 1217 1801 1865 1986 1678 1891 1542 1512 1264 1129 1460 1160 1156 1008 1084 1636 1527 1799 1583 1410 1180 1064 1503 1090 1164 1696 1552 1156 1493 1363 1319 1879 1435 BCNSPRNW ULIB Ver.6.0+V

เปลี่ยนเป็นภาษาไทย

Change to English
 แสดงรายละเอียดบรรณานุกรม
  กลับหน้าหลัก

Brief Record : Get Marc (ISO 2709) : E-mail record : QR code < ปิดหน้าต่าง
LEADER : 00000nam 2200000uu 4500
001    13399122648
003     ULIB
008    020711s2553 th a 000 0 tha d
020    9789746726238
060    WE500^bอ372ค
100    อรวรรณ ประศาสตร์วุฒิ
110    มหาวิทยาลัยเชียงใหม่^bคณะเทคนิคการแพทย์^bภาควิชากายภาพบำบัด
245    ความล้าของกล้ามเนื้อ^b=Fatigue./^cอรวรรณ ประศาสตร์วุฒิ
260    เชียงใหม่ :^bมหาวิทยาลัยเชียงใหม่,^c2553
300    127 หน้า
650    กล้ามเนื้อ
650    Fatigue
650    ความล้า^xกล้ามเนื้อ
945    ^p230^l0^i20104
999    ^aกัณชพร
รายการนี้ยังไม่มีแท็ก
คุณยังไม่ได้ล็อกอิน คุณสามารถมีกิจกรรมร่วมกับเว็บไซต์ได้ แต่ต้องล็อกอินก่อน ::
  ล็อกอิน

รายการสื่อสารสนเทศ

ลำดับที่ ประเภท เลขเรียก/บาร์โค้ด สถานที่ สถานะ
1. วิทยาศาสตร์การแพทย์ และสุขภาพ
วิทยาศาสตร์การแพทย์ และสุขภาพ
สถานะ=หนังสือเก่า
WE500 อ372ค ฉ.1 
  Barcode: 20104
ห้องสมุดวิทยาเขตนครสวรรค์
►ส่วนจัดเก็บหนังสือเก่า นว.
บนชั้น
  ขอยืม

รายการใกล้เคียง
    ผู้แต่ง [อรวรรณ ประศาสตร์วุฒิ]

    หัวเรื่อง [กล้ามเนื้อ]
    หัวเรื่อง [Fatigue]

BibComment


ยังไม่เคยถูกคอมเมนท์

คอมเมนท์ทรัพยากรรายการนี้
  คอมเมนท์: ความล้าของกล้ามเน..


 Copyright 2026. Bcnsprnw @Library